| 000 | 00567nam a22001937a 4500 | ||
|---|---|---|---|
| 999 |
_c1299 _d1299 |
||
| 001 | 14437 | ||
| 003 | BD-DhUAP | ||
| 005 | 20200205115929.0 | ||
| 008 | 200205s1995 bg ||||| |||| 00| 0 eng d | ||
| 040 |
_aBD-DhUAP _cBD-DhUAP _bEng |
||
| 082 |
_223 _a342.73 MAL |
||
| 100 |
_aMalik, M. A. _99116 |
||
| 245 |
_aOutlines of the constitution of the United States of America / _cM. A. Malik. |
||
| 260 |
_aLahore : _bP. L. D. publishers, _cc1995. |
||
| 300 |
_aviii, 159 pages ; _c22 cm. |
||
| 650 |
_aConstitutional law _zUnited States. |
||
| 942 |
_2ddc _cBK |
||